Filosofie svobody Základy moderního světového názoru. Výsledky pozorování duševního života podle přírodovědecké metody

Guardado en:
Detalles Bibliográficos
Autor principal: Steiner, Rudolf
Otros Autores: Glos, Otakar
Formato: Libro
Lenguaje:checo
Publicado: Praha Baltazar 1991
Edición:2. vyd.
Materias:
Etiquetas: Agregar Etiqueta
Sin Etiquetas, Sea el primero en etiquetar este registro!

MARC

LEADER 00000nam a2200000 4500
001 c003370
005 20221214093556.4
020 |a 80-900307-0-X 
041 0 |a cze 
044 |a CZ 
245 1 0 |a Filosofie svobody  |b Základy moderního světového názoru. Výsledky pozorování duševního života podle přírodovědecké metody  |c Rudolf Steiner ; Prekl. Otakar Glos 
250 |a 2. vyd. 
264 1 |a Praha  |b Baltazar  |c 1991 
300 |a 199 s. 
610 2 0 |a filozofia 
610 2 0 |a svetonázor 
610 2 0 |a osobnosť 
610 2 0 |a veda 
610 2 0 |a teória poznania 
610 2 0 |a etika 
610 2 0 |a príroda 
100 1 |a Steiner, Rudolf 
700 1 |a Glos, Otakar